<?xml version="1.0" encoding="UTF-8"?>
<record
    xmlns:xsi="http://www.w3.org/2001/XMLSchema-instance"
    xsi:schemaLocation="http://www.loc.gov/MARC21/slim http://www.loc.gov/standards/marcxml/schema/MARC21slim.xsd"
    xmlns="http://www.loc.gov/MARC21/slim">

  <leader>02078cam a2200385   4500</leader>
  <controlfield tag="001">14026</controlfield>
  <controlfield tag="003">http://catalogue.bnf.fr/ark:/12148/cb486085316</controlfield>
  <controlfield tag="005">20260226145306.0</controlfield>
  <datafield tag="010" ind1=" " ind2=" ">
    <subfield code="a">9782493307187</subfield>
    <subfield code="d">15 EUR</subfield>
  </datafield>
  <datafield tag="020" ind1=" " ind2=" ">
    <subfield code="a">FR</subfield>
    <subfield code="b">02563626</subfield>
  </datafield>
  <datafield tag="073" ind1=" " ind2="0">
    <subfield code="a">9782493307187</subfield>
  </datafield>
  <datafield tag="090" ind1=" " ind2=" ">
    <subfield code="a">14026</subfield>
  </datafield>
  <datafield tag="099" ind1=" " ind2=" ">
    <subfield code="o">0</subfield>
  </datafield>
  <datafield tag="100" ind1=" " ind2=" ">
    <subfield code="a">20250926d2025    m  y0frey50      ba</subfield>
  </datafield>
  <datafield tag="101" ind1="0" ind2=" ">
    <subfield code="a">fre</subfield>
  </datafield>
  <datafield tag="102" ind1=" " ind2=" ">
    <subfield code="a">FR</subfield>
  </datafield>
  <datafield tag="105" ind1=" " ind2=" ">
    <subfield code="a">||||z   00|a|</subfield>
  </datafield>
  <datafield tag="181" ind1=" " ind2="0">
    <subfield code="6">01</subfield>
    <subfield code="a">i </subfield>
    <subfield code="b">xxxe  </subfield>
  </datafield>
  <datafield tag="181" ind1=" " ind2=" ">
    <subfield code="6">02</subfield>
    <subfield code="c">txt</subfield>
    <subfield code="2">rdacontent</subfield>
  </datafield>
  <datafield tag="182" ind1=" " ind2="0">
    <subfield code="6">01</subfield>
    <subfield code="a">n</subfield>
  </datafield>
  <datafield tag="182" ind1=" " ind2=" ">
    <subfield code="6">02</subfield>
    <subfield code="c">n</subfield>
    <subfield code="2">rdamedia</subfield>
  </datafield>
  <datafield tag="200" ind1="1" ind2=" ">
    <subfield code="a">Strokes</subfield>
    <subfield code="b">LIVR</subfield>
    <subfield code="a">suivi de Tentative d'&#xE9;vasion</subfield>
  </datafield>
  <datafield tag="214" ind1=" " ind2="0">
    <subfield code="c">Quartett</subfield>
    <subfield code="d">DL 2025</subfield>
  </datafield>
  <datafield tag="214" ind1=" " ind2="3">
    <subfield code="c">Impr. Pulsio</subfield>
  </datafield>
  <datafield tag="214" ind1=" " ind2="0">
    <subfield code="a">[Rosny-sous-Bois]</subfield>
  </datafield>
  <datafield tag="214" ind1=" " ind2="3">
    <subfield code="a">93-Pantin</subfield>
  </datafield>
  <datafield tag="215" ind1=" " ind2=" ">
    <subfield code="a">1 vol. (111 p.)</subfield>
  </datafield>
  <datafield tag="215" ind1=" " ind2=" ">
    <subfield code="d">18 cm</subfield>
  </datafield>
  <datafield tag="323" ind1=" " ind2=" ">
    <subfield code="a">ind&#xE9;fini</subfield>
  </datafield>
  <datafield tag="330" ind1=" " ind2=" ">
    <subfield code="a">Dans &#xAB; Strokes &#xBB;, Hakim Bah redonne voix &#xE0; Amadou Diallo, jeune homme guin&#xE9;en abattu de 41 balles par la police new-yorkaise en 1999. &#xC0; travers une langue incandescente et fragment&#xE9;e, le texte recompose les faits, les silences, les cris &#x2014; ceux d&#x2019;un fils exil&#xE9;, d&#x2019;une m&#xE8;re en deuil, d&#x2019;un r&#xEA;ve am&#xE9;ricain trou&#xE9; de balles. Un po&#xE8;me dramatique puissant, hant&#xE9; par la m&#xE9;moire, l&#x2019;exil et l&#x2019;injustice.

&#xAB; Tentative d&#x2019;&#xE9;vasion &#xBB; se d&#xE9;roule &#xE0; Buenos Aires, dans un centre de d&#xE9;sintoxication o&#xF9; un jeune homme, &#xE0; vif, cherche &#xE0; se reconstruire. Enferm&#xE9; dans sa col&#xE8;re, sa solitude, il parle pour tenir debout, pour repousser les murs, pour ne pas sombrer. Forme brute, saisissante, travers&#xE9;e de rage et de tendresse, elle dit l&#x2019;urgence de s&#x2019;&#xE9;chapper de soi-m&#xEA;me. 

Deux textes. Deux trajectoires bris&#xE9;es. Deux cris.
Deux textes comme deux d&#xE9;tonations. Deux prises de parole n&#xE9;cessaires. Une &#xE9;criture qui r&#xE9;siste, qui br&#xFB;le, qui bouleverse.</subfield>
  </datafield>
  <datafield tag="423" ind1=" " ind2="0">
    <subfield code="t">Tentative d'&#xE9;vasion</subfield>
  </datafield>
  <datafield tag="686" ind1=" " ind2=" ">
    <subfield code="a">802</subfield>
    <subfield code="2">Cadre de classement de la Bibliographie nationale fran&#xE7;aise</subfield>
  </datafield>
  <datafield tag="700" ind1=" " ind2=" ">
    <subfield code="a">Bah</subfield>
    <subfield code="b">Hakim</subfield>
    <subfield code="f">1987-....</subfield>
  </datafield>
  <datafield tag="700" ind1=" " ind2=" ">
    <subfield code="3">16032288</subfield>
    <subfield code="o">ISNI0000000463423123</subfield>
    <subfield code="4">070</subfield>
  </datafield>
  <datafield tag="801" ind1=" " ind2="0">
    <subfield code="a">FR</subfield>
    <subfield code="b">FR-751131015</subfield>
    <subfield code="c">20250926</subfield>
    <subfield code="g">AFNOR</subfield>
    <subfield code="h">FRBNF486085310000005</subfield>
  </datafield>
  <datafield tag="995" ind1=" " ind2=" ">
    <subfield code="2">0</subfield>
    <subfield code="5">2026-02-26</subfield>
    <subfield code="9">13918</subfield>
    <subfield code="c">JOL</subfield>
    <subfield code="f">JOL-007727</subfield>
    <subfield code="k">TH BAH X</subfield>
    <subfield code="o">0</subfield>
    <subfield code="b">JOL</subfield>
    <subfield code="r">LIVR</subfield>
  </datafield>
</record>
